A HVG Állásbörze látogatottságának vizsgálata

Bibliográfiai részletek
Szerző: Oláh Zsuzsanna
További közreműködők: Kopcsay Dr. László
Dokumentumtípus: Projektmunka
Kulcsszavak:HR eszközök
Állásbörze
Munkáltatói márkaépítés
A HR osztály felépítése
Látogatottság
Online Access:http://dolgozattar.uni-bge.hu/12168

MARC

LEADER 00000nnm a2200000 i 4500
001 dolg12168
005 20170627150931.0
008 170520suuuu hu o 000 hun d
040 |a BGE Dolgozattár Repozitórium  |b hun 
041 |a hu 
100 1 |a Oláh Zsuzsanna 
245 1 2 |a A HVG Állásbörze látogatottságának vizsgálata  |c Oláh Zsuzsanna  |h [elektronikus dokumentum] 
246 1 1 |a A HVG Állásbörze látogatottságának vizsgálata 
516 |a Project_work 
695 |a HR eszközök 
695 |a Állásbörze 
695 |a Munkáltatói márkaépítés 
695 |a A HR osztály felépítése 
695 |a Látogatottság 
700 1 |a Kopcsay Dr. László  |e ths 
856 4 0 |u http://dolgozattar.uni-bge.hu/12168/1/Ol%C3%A1h%20Zsuzsanna-%20Projektmunka%202017.pdf  |z Dokumentum-elérés